Luminescence in crystals (Record no. 3636)

MARC details
000 -LEADER
fixed length control field 00496nam a2200181Ia 4500
003 - CONTROL NUMBER IDENTIFIER
control field IN-BaIIA
008 - FIXED-LENGTH DATA ELEMENTS--GENERAL INFORMATION
fixed length control field 211028s9999 xx 000 0 eng d
040 ## - CATALOGING SOURCE
Transcribing agency IIA Library
080 ## - UNIVERSAL DECIMAL CLASSIFICATION NUMBER
Universal Decimal Classification number 535.37
Item number CUR
100 ## - MAIN ENTRY--PERSONAL NAME
Personal name Curie, Daniel
9 (RLIN) 6447
245 #0 - TITLE STATEMENT
Title Luminescence in crystals
Statement of responsibility, etc. D. Curie; translated by G. F. J. Garlick
260 ## - PUBLICATION, DISTRIBUTION, ETC.
Place of publication, distribution, etc. London
Name of publisher, distributor, etc. Methuen
Date of publication, distribution, etc. 1960
300 ## - PHYSICAL DESCRIPTION
Extent xi, 332p.
650 ## - SUBJECT ADDED ENTRY--TOPICAL TERM
Topical term or geographic name entry element Crystals
9 (RLIN) 1575
650 ## - SUBJECT ADDED ENTRY--TOPICAL TERM
Topical term or geographic name entry element Luminescence
9 (RLIN) 5859
700 ## - ADDED ENTRY--PERSONAL NAME
Personal name G. F. J. Garlick., tr.
9 (RLIN) 6448
942 ## - ADDED ENTRY ELEMENTS (KOHA)
Koha item type Books
Holdings
Withdrawn status Lost status Damaged status Not for loan Home library Current library Shelving location Date acquired Cost, normal purchase price Total Checkouts Full call number Barcode Date last seen Cost, replacement price Price effective from Koha item type Purchase Price
        IIA Library-Bangalore IIA Library-Bangalore General Stacks 04/12/1970 40.50   535.37/ CUR 4059 05/11/2021 40.50 04/12/1970 Books Rs. 40.50

Powered by Koha